MARC

LEADER 00000nam0a2200000 4500
001 370714
005 20231102012316.0
035 |a (RuTPU)RU\TPU\retro\28123 
035 |a RU\TPU\book\350791 
090 |a 370714 
100 |a 20220727d1980 km y0rusy5003 ca 
101 1 |a fre  |c rus 
102 |a RU 
105 |a a g 001zy 
200 1 |a Сопротивление пластической деформации металлов и сплавов  |d Resistance des metaux et des alliages a la deformation plastique  |e [справочник]  |f П. И. Полухин, Г. Я. Гун, А. М. Галкин 
210 |a Москва  |c Мир  |d 1980 
215 |a 546 с.  |c ил. 
300 |a На французском языке 
320 |a Библиогр.: с. 539-546 
454 1 |0 (RuTPU)RU\TPU\book\350791  |t Сопротивление пластической деформации металлов и сплавов  |o справочник  |f П. И. Полухин, Г. Я. Гун, А. М. Галкин  |c Москва  |n Металлургия  |d 1976  |p 487 с.  |a Полухин, Петр Иванович 
510 1 |a Resistance des metaux et des alliages a la deformation plastique  |z fre 
606 1 |a Металлы  |x Действие ударных волн  |2 stltpush  |3 (RuTPU)RU\TPU\subj\43051  |9 62638 
610 1 |a сплавы 
610 1 |a реологические свойства 
610 1 |a пластическая деформация 
610 1 |a прочностные свойства 
610 1 |a исследование 
610 1 |a температурно-скоростные условия 
610 1 |a справочники 
610 1 |a механические свойства 
610 1 |a механические испытания 
610 1 |a результаты 
610 1 |a математические методы 
610 1 |a обработка 
610 1 |a французский язык 
675 |a 669:539.37(035)  |v 4 
700 1 |a Полухин  |b П. И.  |g Петр Иванович 
701 1 |a Гун  |b Г. Я.  |g Геннадий Яковлевич 
701 1 |a Галкин  |b А. М.  |g Александр Михайлович 
801 0 |a RU  |b 63413507  |c 19950704  |g psbo 
801 1 |a RU  |b 63413507  |c 20150323 
801 2 |a RU  |b 63413507  |c 20230413  |g RCR 
942 |c BK